000 00299nam a22001217a 4500
008 260423b |||||||| |||| 00| 0 eng d
082 _a001278
100 _aTivari, Shashi
245 _aPatanjala Yoga Sutram
260 _aDelhi
_bNew Bharatiya Book Corporation
_c2021
300 _a221p
942 _2ddc
999 _c1281
_d1281